000 00527nam a2200193 i 4500
001 bg
100 1 _aDOLEWKA, Leszek
245 0 _aEksploatacja maszyn rolniczych /
_cL. Dolewka, S. Regulski. T.2.
260 _aWarszawa,
_c1983.
650 9 _aRolnictwo
_xnarzędzia i maszyny
_xobsługa i eksploatacja
650 9 _aMaszyny
_xeksploatacja
655 _aPodręczniki
700 1 _aREGULSKI, Stefan
040 _cBPK
041 _apol
080 _a631.3(075.3)
942 _cKS
008 s pl f |000 0 pol
999 _c1886
_d1886
856 _uhttp://koha.tu.koszalin.pl/cgi-bin/koha/opac-detail.pl?biblionumber=1886
_yKatalog online BPK